Statistiques concernant Les 20 départements à plus grosse densité de population

Cliquez ici pour prendre le quiz!

Statistiques générales

  • Ce quiz a été pris 262 fois
  • Le résultat moyen est 18 sur 20

Statistiques - réponses

DépartementDensité (h/km2)% Correct
Paris21 014
100%
Seine-Saint-Denis7 822
99%
Bouches-du-Rhone376
98%
Nord475
96%
Rhone573
96%
Pas-de-Calais217
93%
Val-de-Marne7 103
93%
Val-d'Oise1 133
93%
Yvelines774
93%
Essonne956
92%
Seine-et-Marne319
92%
Alpes-Maritimes402
91%
Bas-Rhin207
90%
Hauts-de-Seine10 866
90%
Haut-Rhin204
88%
Var220
86%
Loire-Atlantique253
82%
Isère224
74%
Territoire de Belfort213
69%
Haute-Savoie258
45%

Distribution des résultats

Percentile par nombre de réponses

% des personnes avec chaque résultat

Votre développement - résultats

Vous n’avez pas pris ce quiz